Sociální pomoc. 12

Programy sociálnej pomoci pre zamestnancov. Životné minimum v krajinách Európskej únie. Adresná dávka alebo záporná daň. Vecné dávky.

Uložené v:
Podrobná bibliografia
Hlavný autor: Vostatek, Jaroslav
Médium: Kapitola
Jazyk:Czech
Predmet:
Tagy: Pridať tag
Žiadne tagy, Buďte prvý, kto otaguje tento záznam!

MARC

LEADER 00000naa a2200000 4500
001 r027124
005 20230920094053.2
041 0 |a cze 
044 |a CZ 
245 1 0 |a Sociální pomoc. 12  |c J. Vostatek 
520 |a Programy sociálnej pomoci pre zamestnancov. Životné minimum v krajinách Európskej únie. Adresná dávka alebo záporná daň. Vecné dávky. 
610 2 0 |a pomoc sociálna 
610 2 0 |a minimum existenčné 
610 2 0 |a Európska únia 
100 1 |a Vostatek, Jaroslav